| 000 | 00747nam a2200253Ia 4500 | ||
|---|---|---|---|
| 003 | OSt | ||
| 005 | 20220926001124.0 | ||
| 006 | a|||||r|||| 00| 0 | ||
| 007 | ta | ||
| 008 | 220923b |||||||| |||| 00| 0 eng d | ||
| 037 | _cGeneral Book | ||
| 040 |
_aRTL _cRTL _beng |
||
| 041 |
_2eng _aeng |
||
| 082 | _aV2,31p.N56, J6.7(16-30)/GD | ||
| 110 |
_aINDIA, LOK SABHA _998267 |
||
| 245 | 0 |
_aLok Sabha debates _b Thirteenth session. |
|
| 260 |
_a New Delhi _bLok Sabha secretariat _c1956 |
||
| 300 |
_avi,2532p. _ccm. |
||
| 490 | _aProceedings other than answers;Pt.2 | ||
| 500 | _aVol.7 | ||
| 700 |
_aINDIA, LOK SABHA _998268 |
||
| 942 |
_hV2,31p.N56, J6.7(16-30)/GD _cGB _2CC |
||
| 999 |
_c600580 _d600580 |
||